Understanding Parkinson's Disease: (Record no. 189095)

MARC details
000 -LEADER
fixed length control field 00672nam a22001937a 4500
005 - DATE AND TIME OF LATEST TRANSACTION
control field 20220613154031.0
010 ## - LCCN (DPL NO)
LC control number ENG-132256
020 ## - INTERNATIONAL STANDARD BOOK NUMBER
International Standard Book Number 9788123773293
Terms of availability 125.00
035 ## - SYSTEM CONTROL NUMBER
System control number EN-116788
037 ## - SOURCE OF ACQUISITION
Source of stock number/acquisition DBAD/PUB
082 ## - DEWEY DECIMAL CLASSIFICATION NUMBER
Classification number 616.833
100 ## - MAIN ENTRY--PERSONAL NAME
Personal name Anand, Kuljeet Singh
245 ## - TITLE STATEMENT
Title Understanding Parkinson's Disease:
Remainder of title A Reader's Guide/
Statement of responsibility, etc Kuljeet Singh Anand and Rohit Verma
260 ## - PUBLICATION, DISTRIBUTION, ETC. (IMPRINT)
Place of publication, distribution, etc New Delhi
Name of publisher, distributor, etc National Book Trust
Date of publication, distribution, etc 2014
270 ## - ADDRESS
Address Nehru Bhawan, 5 Institutional Area, Phase-II, Vasant Kunj
City New Delhi
Postal code 110070
Electronic mail address www.nbtindia.gov.in
300 ## - PHYSICAL DESCRIPTION
Extent vii, 95p.
Other physical details Glossary
Dimensions 22cm(pbk)
700 ## - ADDED ENTRY--PERSONAL NAME
Personal name Verma, Rohit
942 ## - ADDED ENTRY ELEMENTS (KOHA)
Source of classification or shelving scheme Dewey Decimal Classification
Item type English Books
Classification part 616.833
Call number suffix ANA
Holdings
Withdrawn status Lost status Not for loan Collection code Home library Current library Date acquired Source of acquisition Cost, normal purchase price Full call number Barcode Copy number Cost, replacement price Koha item type
      Non-fiction Bawana Bawana 13/06/2022 DBAD/PUB 125.00 616.833 ANA EN-116788 1 125.00 English Books

© Delhi Public Library
Hit Counter
free hit counter